[Event "Niederbayernliga 0708"]
[Site "Germany"]
[Date "2007.12.09"]
[Round "4.6"]
[White "Hartl, Manfred"]
[Black "Osievski, Sergej"]
[Result "1/2-1/2"]
[WhiteElo "1769"]
[BlackElo "1586"]
[PlyCount "81"]
[EventDate "2007.10.21"]
[EventType "team"]
[EventRounds "9"]
[EventCountry "GER"]
[SourceTitle "EXT 2009"]
[Source "ChessBase"]
[SourceDate "2008.11.26"]
[SourceVersion "1"]
[SourceVersionDate "2008.11.26"]
[SourceQuality "1"]
[WhiteTeam "Grafenau"]
[BlackTeam "Vilshofen"]
[WhiteTeamCountry "GER"]
[BlackTeamCountry "GER"]

1. d4 d6 2. Nf3 g6 3. g3 Bg7 4. Bg2 Nc6 5. 0-0 Bg4 6. c3 Bxf3 7. Bxf3 Qd7 8. Na3 a6 9. e4 e6 10. Qb3 b5 11. d5 Ne5 12. Bg2 Ne7 13. f4 Nd3 14. dxe6 Qxe6 15. Qc2 Nxc1 16. Raxc1 Rb8 17. f5 Qe5 18. Qf2 f6 19. Qa7 Qc5+ 20. Qxc5 dxc5 21. Nc2 Rd8 22. Rcd1 Kf7 23. g4 g5 24. Ne3 c6 25. Bf3 Rhe8 26. b3 Nc8 27. Rxd8 Rxd8 28. Rd1 Rxd1+ 29. Bxd1 Bf8 30. Kf2 Bd6 31. h3 Be5 32. c4 b4 33. Ng2 h6 34. Ne1 Nb6 35. Nd3 Bd4+ 36. Ke2 Nd7 37. Bc2 Ne5 38. Nf2 Bxf2 39. Kxf2 a5 40. Ke3 Ke7 41. Bd1 1/2-1/2

[Event "Niederbayernliga 0607"]
[Site "Germany"]
[Date "2007.??.??"]
[Round "5.6"]
[White "Foierl, Siegfried"]
[Black "Osievski, Sergej"]
[Result "1/2-1/2"]
[WhiteElo "1670"]
[BlackElo "1581"]
[PlyCount "41"]
[EventDate "2006.??.??"]
[EventType "team"]
[EventRounds "9"]
[EventCountry "GER"]
[SourceTitle "EXT 2008"]
[Source "ChessBase"]
[SourceDate "2007.11.25"]
[SourceVersion "1"]
[SourceVersionDate "2007.11.25"]
[SourceQuality "1"]
[WhiteTeam "Geiselhoering"]
[BlackTeam "Vilshofen"]
[WhiteTeamCountry "GER"]
[BlackTeamCountry "GER"]

1. d4 d6 2. Nf3 g6 3. c4 Bg4 4. Qb3 Bxf3 5. Qxf3 c6 6. Nc3 Bg7 7. e3 Nf6 8. Bd3 0-0 9. 0-0 Nbd7 10. e4 Nb6 11. Bd2 Nfd7 12. Qe3 c5 13. d5 Ne5 14. b3 Nxd3 15. Qxd3 f5 16. Rae1 Nd7 17. f4 Bd4+ 18. Be3 Bxe3+ 19. Qxe3 fxe4 20. Nxe4 Rf7 21. Ng3 1/2-1/2

[Event "Niederbayernliga 0506"]
[Site "Germany"]
[Date "2006.??.??"]
[Round "8"]
[White "Osievski, Sergej"]
[Black "Klinge, Andreas"]
[Result "1/2-1/2"]
[WhiteElo "1574"]
[BlackElo "1770"]
[PlyCount "57"]
[EventDate "2005.??.??"]
[EventType "team"]
[EventRounds "9"]
[EventCountry "GER"]
[SourceTitle "EXT 2008"]
[Source "ChessBase"]
[SourceDate "2007.11.25"]
[SourceVersion "1"]
[SourceVersionDate "2007.11.25"]
[SourceQuality "1"]
[WhiteTeam "Vilshofen"]
[BlackTeam "Eggenfelden"]
[WhiteTeamCountry "GER"]
[BlackTeamCountry "GER"]

1. e4 d5 2. exd5 Qxd5 3. Nc3 Qa5 4. Nf3 Nf6 5. Bb5+ c6 6. Bd3 Nbd7 7. a3 e5 8. 0-0 Bd6 9. Re1 0-0 10. Ng5 h6 11. Nge4 Nxe4 12. Nxe4 Be7 13. Bc4 b5 14. Bb3 c5 15. d3 Qc7 16. Qh5 Nf6 17. Nxf6+ Bxf6 18. Bd5 Bb7 19. Bxb7 Qxb7 20. Re4 Qb6 21. Rg4 Kh7 22. Be3 Qe6 23. Bxc5 Rfd8 24. Re1 Rac8 25. b4 Rd5 26. Qh3 Qd7 27. Qf3 Rc6 28. Rge4 g6 29. Qe2 1/2-1/2